Jóvenes y ciudadanía : disposiciones para la democracia . Informe final del análisis de resultados de la consulta juvenil 2002 "expresate 10/31".

保存先:
書誌詳細
第一著者: Fernández Alatorre, Ana Carina (autor)
その他の著者: Rodríguez Mckeon, Lucía (autor) (autor)
フォーマット: 図書
言語:スペイン語
主題:
タグ: タグ追加
タグなし, このレコードへの初めてのタグを付けませんか!

MARC

LEADER 00000nam^a2200000^u^4500
001 000494406
005 20250521000000.0
008 110404s1000^^^^^^^^^^^^r^^^^^000^0^eng^d
009 20260310125524.703
022 |a 9685505608 
035 |a FCE 000037794 
037 |a Acervo ITESO - Biblioteca 
041 |a spa 
082 0 4 |a 323.352 FERj 
100 |a Fernández Alatorre, Ana Carina  |e (autor) 
245 0 |a Jóvenes y ciudadanía :  |b disposiciones para la democracia . Informe final del análisis de resultados de la consulta juvenil 2002 "expresate 10/31". 
264 |a México :  |b IEDF,  |c 2003. 
300 |a 15 p. 
336 |a texto  |b txt  |2 rdacontenido 
337 |a sin mediación  |b n  |2 rdamedio 
338 |a volumen  |b nc  |2 rdasoporte 
649 |a XX 
650 |a Democracia 
650 |a Instrumentos 
650 |a Jóvenes 
650 |a Ciudadanía 
650 |a Informe 
650 |a Consulta 
700 |a Rodríguez Mckeon, Lucía  |e (autor) 
910 |a Fondo Centro de Estudios Educativos 
920 |a Impresos - Libros 
930 |a Fondos Especiales 
905 |a 133 
901 |a ALE037841  |b IT2  |c CEE  |u 20250521 
902 |a https://opac.biblio.iteso.mx/vufind/Record/000494406